000
00321nam a2200133Ia 4500
008
190216s9999||||xx |||||||||||||| ||und||
100
_a
Rajaram. J And Kuriakose. J.C
245
0
_a
Thermodynamics
250
_a
1st Ed.
260
_b
Shoban Lal Nagin Chand&Com
_c
1986
300
_a
517
650
_a
Physics
942
_c
BK
999
_c
33114
_d
33114